[Event "Uxbridge Premier"]
[Site "Denham ENG"]
[Date "2010.10.27"]
[Round "7"]
[White "De Coverly, Roger D"]
[Black "Cafolla, Peter"]
[Result "1/2-1/2"]
[WhiteElo "2082"]
[BlackElo "2088"]
[Plycount "113"]
[WhiteFideId "405213"]
[BlackFideId "2500884"]
[EventDate "2010.10.24"]
[Source "TWIC 835"]

1. e4 e5 2. Nf3 Nc6 3. Bb5 a6 4. Ba4 Nf6 5. O-O Be7 6. Re1 b5 7. Bb3 d6 8. c3
O-O 9. d4 Bg4 10. d5 Na5 11. Bc2 c6 12. h3 Bh5 13. dxc6 Qc8 14. Nbd2 Nxc6 15.
Nf1 Ne8 16. Ng3 Bg6 17. Bd2 Nc7 18. a4 Rb8 19. b4 d5 20. axb5 axb5 21. exd5 Bxc2
22. Qxc2 Nxd5 23. Qf5 Bf6 24. Qxc8 Rfxc8 25. Ne4 Be7 26. g4 Nb6 27. Be3 Nc4 28.
Bc5 Bxc5 29. bxc5 b4 30. cxb4 Rxb4 31. Ra6 f6 32. Nd6 Nxd6 33. cxd6 Nd4 34. Nxd4
Rxd4 35. Rb1 Rd8 36. Rb7 R4xd6 37. Raa7 g5 38. Rg7+ Kh8 39. Rxh7+ Kg8 40. Kg2
Rd3 41. Rhg7+ Kh8 42. Rgf7 R3d6 43. Rh7+ Kg8 44. Kf3 Rd4 45. Kg2 Rf4 46. Rhc7
Rb8 47. Rc3 Rd8 48. Kg3 Rfd4 49. Rcc7 Rf4 50. Ra3 Rfd4 51. Ra6 Rf4 52. Rb6 Rd3+
53. Kg2 Rd8 54. Rbb7 Ra8 55. Rg7+ Kh8 56. Rh7+ Kg8 57. Rhg7+ 1/2-1/2

[Event "Uxbridge Premier"]
[Site "Denham ENG"]
[Date "2010.10.28"]
[Round "8"]
[White "Cafolla, Peter"]
[Black "Obiamiwe, Paul"]
[Result "1/2-1/2"]
[WhiteElo "2088"]
[BlackElo "2023"]
[Plycount "146"]
[WhiteFideId "2500884"]
[BlackFideId "8500215"]
[EventDate "2010.10.24"]
[Source "TWIC 835"]

1. e4 e5 2. Nf3 Nc6 3. d4 exd4 4. Nxd4 Nf6 5. Nc3 Be7 6. Bb5 O-O 7. O-O Nxd4 8.
Qxd4 d6 9. h3 a6 10. Bd3 c5 11. Qe3 b5 12. Rd1 Qc7 13. Nd5 Nxd5 14. exd5 Bf6 15.
Qe4 g6 16. Qf3 Bg7 17. c3 c4 18. Bc2 Re8 19. Be3 Bb7 20. g4 Qe7 21. Re1 Qc7 22.
Red1 a5 23. h4 Qd7 24. h5 Bc8 25. h6 Be5 26. g5 Qg4+ 27. Qxg4 Bxg4 28. Re1 Bf3
29. Rac1 Bxd5 30. f4 Bh8 31. Rcd1 Be6 32. Rxd6 b4 33. Bd4 Red8 34. Rxd8+ Rxd8
35. Bxh8 Kxh8 36. Rd1 Rb8 37. Be4 Kg8 38. Rd6 Kf8 39. Ra6 Rd8 40. Rxa5 Rd1+ 41.
Kf2 Rd2+ 42. Ke3 Rxb2 43. cxb4 Rxb4 44. Ra8+ Ke7 45. Bc2 Rb2 46. Be4 c3 47. a4
Rh2 48. Kd4 c2 49. Bxc2 Rxc2 50. Rh8 Rc4+ 51. Ke5 Rxa4 52. Rxh7 Ra5+ 53. Ke4
Bf5+ 54. Ke3 Ra8 55. Kd4 Ra4+ 56. Ke3 Ra3+ 57. Kf2 Rh3 58. Rh8 f6 59. Ra8 fxg5
60. fxg5 Rh5 61. Ke3 Rxg5 62. h7 Rh5 63. h8=Q Rxh8 64. Rxh8 Kf6 65. Kf4 Be6 66.
Rf8+ Bf7 67. Kg4 Kg7 68. Ra8 Kf6 69. Ra6+ Be6+ 70. Kf4 Kf7 71. Ke5 Bf5 72. Ra7+
Ke8 73. Kd6 Kf8 1/2-1/2

[Event "Uxbridge Premier"]
[Site "Denham ENG"]
[Date "2010.10.28"]
[Round "8"]
[White "Jain, Radha"]
[Black "Fox, Anthony"]
[Result "1/2-1/2"]
[WhiteElo "1853"]
[BlackElo "2130"]
[Plycount "124"]
[WhiteFideId "400149"]
[BlackFideId "2500736"]
[EventDate "2010.10.24"]
[Source "TWIC 835"]

1. d4 d5 2. c4 e6 3. Nc3 Nf6 4. Bg5 Be7 5. e3 O-O 6. Nf3 h6 7. Bh4 b6 8. Bd3 Bb7
9. O-O Nbd7 10. Bg3 c5 11. Qe2 Ne4 12. cxd5 exd5 13. Rac1 a6 14. Rfd1 Nxg3 15.
hxg3 c4 16. Bb1 b5 17. e4 dxe4 18. Bxe4 Bxe4 19. Nxe4 Nf6 20. Ne5 Nxe4 21. Qxe4
Bd6 22. Re1 Qc7 23. Qf3 Rad8 24. b3 Bxe5 25. dxe5 Rd2 26. bxc4 bxc4 27. a3 Rc8
28. Rc3 Qc5 29. Rec1 Rd4 30. Qe3 Qd5 31. Re1 Rc6 32. Qf3 Qd7 33. Rec1 Qe6 34.
Re3 Qd7 35. Rcc3 Rb6 36. Re1 Rb8 37. Qe2 Qe6 38. Rec1 Rc8 39. Re3 Rc5 40. Rcc3
Rc6 41. Kh2 Qd5 42. Qf3 Qd7 43. Re4 Rd3 44. Re3 Rxc3 45. Rxc3 Qe6 46. Qf4 Rc5
47. g4 h5 48. Qd4 Qxe5+ 49. Qxe5 Rxe5 50. Rxc4 hxg4 51. Rxg4 Rd5 52. a4 f6 53.
Kg3 Kf7 54. Rc4 g5 55. Kf3 Kg6 56. g4 Kf7 57. Ke4 Ke7 58. f4 gxf4 59. Kxf4 Kd6
60. Rd4 Ke6 61. Rb4 Kd6 62. Rd4 Ke6 1/2-1/2

[Event "Uxbridge Premier"]
[Site "Denham ENG"]
[Date "2010.10.28"]
[Round "9"]
[White "Lexton, Michael J"]
[Black "Cafolla, Peter"]
[Result "1/2-1/2"]
[WhiteElo "2009"]
[BlackElo "2088"]
[Plycount "35"]
[WhiteFideId "1801678"]
[BlackFideId "2500884"]
[EventDate "2010.10.24"]
[Source "TWIC 835"]

1. e4 c5 2. Nf3 Nc6 3. d3 e6 4. g3 d5 5. Nbd2 Nf6 6. Bg2 Be7 7. O-O O-O 8. e5
Nd7 9. Re1 a6 10. Nf1 b5 11. h4 f6 12. exf6 Bxf6 13. Ng5 Bxg5 14. Bxg5 Nf6 15.
Nh2 h6 16. Bf4 Ra7 17. Nf3 Re7 18. Ne5 1/2-1/2

[Event "Uxbridge Premier"]
[Site "Denham ENG"]
[Date "2010.10.28"]
[Round "9"]
[White "Fox, Anthony"]
[Black "Smith, Andrew Philip"]
[Result "1/2-1/2"]
[BlackTitle "FM"]
[WhiteElo "2130"]
[BlackElo "2190"]
[Plycount "41"]
[WhiteFideId "2500736"]
[BlackFideId "2500833"]
[EventDate "2010.10.24"]
[Source "TWIC 835"]

1. e4 e5 2. Nf3 d6 3. d4 Nd7 4. Bc4 Qf6 5. Nc3 c6 6. a4 h6 7. O-O g5 8. Be3 Ne7
9. dxe5 dxe5 10. a5 Ng6 11. Nd2 Nf4 12. f3 Bd6 13. Nb3 O-O 14. Qd2 Rd8 15. Qf2
Nf8 16. Kh1 Qe7 17. g3 N4g6 18. Rfd1 a6 19. Na4 Be6 20. Nb6 Bxc4 21. Nxc4 1/2-1/2

[Event "Kilkenny Masters"]
[Site "Kilkenny IRL"]
[Date "2010.11.27"]
[Round "2"]
[White "Baburin, Alexander"]
[Black "Fitzsimons, David"]
[Result "0-1"]
[WhiteTitle "GM"]
[WhiteElo "2539"]
[BlackElo "2240"]
[Plycount "83"]
[WhiteFideId "2500914"]
[BlackFideId "2501961"]
[EventDate "2010.11.27"]
[Source "TWIC 839"]

1. d4 Nf6 2. Nf3 c5 3. d5 b5 4. Bg5 Ne4 5. Bf4 Bb7 6. Qd3 f5 7. Nbd2 c4 8. Qd4
Na6 9. c3 Nc7 10. Nxe4 fxe4 11. Bxc7 Qxc7 12. Qxe4 e6 13. Rd1 O-O-O 14. Ng5 Bc5
15. e3 Bxd5 16. Rxd5 exd5 17. Qxd5 Rde8 18. b4 cxb3 19. Bxb5 Bxe3 20. O-O Bxg5
21. Ba6+ Kb8 22. Rb1 Re6 23. Rxb3+ Rb6 24. Qxg5 Re8 25. Qd2 Re6 26. Bf1 Qd6 27.
Qc1 Re5 28. g3 Rd5 29. Qc2 g6 30. h4 Rd1 31. Qe2 Qd5 32. Kh2 Rd2 33. Qe3 Kc7 34.
Bg2 Qd6 35. c4 Qd4 36. Rxb6 axb6 37. Qf3 Qxf2 38. Qb7+ Kd8 39. a4 Ke7 40. Qe4+
Kf7 41. h5 Rd4 42. Qb7 0-1

[Event "Kilkenny Masters"]
[Site "Kilkenny IRL"]
[Date "2010.11.27"]
[Round "3"]
[White "Fitzsimons, David"]
[Black "Cheparinov, Ivan"]
[Result "0-1"]
[BlackTitle "GM"]
[WhiteElo "2240"]
[BlackElo "2668"]
[Plycount "50"]
[WhiteFideId "2501961"]
[BlackFideId "2905540"]
[EventDate "2010.11.27"]
[Source "TWIC 839"]

1. e4 e5 2. Nf3 Nc6 3. d4 exd4 4. Nxd4 Nf6 5. Nxc6 bxc6 6. Bd3 d5 7. e5 Nd7 8.
O-O Nc5 9. Be2 Be7 10. Be3 O-O 11. f4 f6 12. Nd2 fxe5 13. fxe5 Bf5 14. Nf3 Ne6
15. c4 Qd7 16. Qd2 Rad8 17. Nd4 Nxd4 18. Qxd4 a5 19. Rad1 Be6 20. Rxf8+ Rxf8 21.
Qc3 Bg4 22. Bxg4 Qxg4 23. Qd4 Qe2 24. cxd5 Bc5 25. Qxc5 Qxd1# 0-1

[Event "Kilkenny Masters"]
[Site "Kilkenny IRL"]
[Date "2010.11.28"]
[Round "4"]
[White "Maze, Sebastien"]
[Black "Hebden, Mark L"]
[Result "1-0"]
[WhiteTitle "GM"]
[BlackTitle "GM"]
[WhiteElo "2571"]
[BlackElo "2560"]
[Plycount "87"]
[WhiteFideId "613762"]
[BlackFideId "400084"]
[EventDate "2010.11.27"]
[Source "TWIC 839"]

1. d4 Nf6 2. c4 g6 3. Nc3 Bg7 4. Nf3 O-O 5. g3 d6 6. Bg2 Nc6 7. O-O Rb8 8. h3 a6
9. e4 b5 10. e5 Nd7 11. cxb5 axb5 12. Ng5 Bb7 13. e6 Nxd4 14. Bxb7 Rxb7 15. Nxf7
Rxf7 16. exf7+ Kh8 17. Ne4 c5 18. Be3 Nf8 19. a4 b4 20. a5 Qd7 21. Qa4 Qf5 22.
Bxd4 Bxd4 23. Qe8 Kg7 24. Qa8 Rd7 25. a6 c4 26. a7 Bxa7 27. Nxd6 exd6 28. Rxa7
Qxh3 29. Rxd7 Qxd7 30. Qb8 b3 31. Rd1 Qxf7 32. Qxd6 h5 33. Qd4+ Kh6 34. Rc1 Ne6
35. Qxc4 Qf5 36. Qxb3 h4 37. Qe3+ Kh7 38. gxh4 Qg4+ 39. Kh2 Ng7 40. Qg3 Qd4 41.
Rc6 Qe4 42. Rc7 Kg8 43. h5 Nxh5 44. Qb3+ 1-0

[Event "London Chess Classic FIDE Open Busy"]
[Site "London ENG"]
[Date "2010.12.11"]
[Round "2"]
[White "Wadsworth, Matthew J"]
[Black "Wall, Gavin"]
[Result "0-1"]
[BlackTitle "IM"]
[WhiteElo "1889"]
[BlackElo "2325"]
[Plycount "80"]
[WhiteFideId "415804"]
[BlackFideId "2501244"]
[EventDate "2010.12.11"]
[Source "TWIC 840"]

1. c4 f5 2. g3 Nf6 3. Bg2 d6 4. Nc3 e5 5. e3 Be7 6. Nge2 O-O 7. O-O c6 8. d4 Na6
9. b3 Nc7 10. Ba3 e4 11. Rc1 b5 12. d5 a5 13. Bb2 b4 14. Na4 cxd5 15. Nb6 Rb8
16. Nxd5 Nfxd5 17. cxd5 Rb5 18. Nf4 g5 19. Ne6 Nxe6 20. dxe6 Bxe6 21. Qe2 Rc5
22. Rxc5 dxc5 23. Rd1 Qc8 24. Bf1 Qc6 25. Qc2 f4 26. exf4 gxf4 27. Bc4 e3 28.
fxe3 fxg3 29. hxg3 Rf3 30. Qg2 Bxc4 31. bxc4 Qe4 32. Re1 Bd6 33. Kh1 Qg4 34. Rg1
Bxg3 35. Rd1 h5 36. Rd8+ Kf7 37. Ra8 Qh4+ 38. Kg1 Bh2+ 39. Kh1 Be5+ 40. Kg1 Qe1+ 0-1

[Event "London Chess Classic FIDE Open Busy"]
[Site "London ENG"]
[Date "2010.12.12"]
[Round "4"]
[White "Mollison, Jamie"]
[Black "Wall, Gavin"]
[Result "0-1"]
[BlackTitle "IM"]
[WhiteElo "1906"]
[BlackElo "2325"]
[Plycount "84"]
[WhiteFideId "2402300"]
[BlackFideId "2501244"]
[EventDate "2010.12.11"]
[Source "TWIC 840"]

1. b3 f5 2. Bb2 Nf6 3. Bxf6 exf6 4. c4 Na6 5. Nc3 c6 6. g3 Ba3 7. Bg2 Qa5 8. Rb1
O-O 9. Nh3 Nc7 10. Nf4 Bb4 11. Qc2 Ne6 12. Nxe6 dxe6 13. O-O e5 14. Ra1 f4 15.
a3 Bxc3 16. Qxc3 Qxc3 17. dxc3 fxg3 18. hxg3 Be6 19. Rfd1 Rfd8 20. Be4 Kf7 21.
Bc2 h5 22. Rxd8 Rxd8 23. Rd1 Rxd1+ 24. Bxd1 g5 25. e3 h4 26. gxh4 gxh4 27. Kg2
Kg6 28. Be2 Kg5 29. b4 f5 30. f3 h3+ 31. Kh2 Kh4 32. c5 f4 33. e4 Bb3 34. c4 a6
35. Bf1 Bd1 36. Bxh3 Bxf3 37. Bg2 Bxg2 38. Kxg2 Kg4 39. a4 f3+ 40. Kf2 Kf4 41.
b5 Kxe4 42. a5 Kd3 0-1

[Event "Marienbad Open"]
[Site "Marianske Lazne CZE"]
[Date "2011.01.16"]
[Round "2"]
[White "Golcman, Evgeny"]
[Black "Cafolla, Peter"]
[Result "1-0"]
[WhiteElo "2298"]
[BlackElo "2060"]
[Plycount "97"]
[WhiteFideId "4173287"]
[BlackFideId "2500884"]
[EventDate "2011.01.15"]
[Source "TWIC 846"]

1. c4 e6 2. Nc3 d5 3. d4 c5 4. cxd5 exd5 5. Nf3 Nc6 6. g3 Nf6 7. Bg2 Be7 8. O-O
O-O 9. Bf4 Bg4 10. Ne5 cxd4 11. Nxg4 dxc3 12. Nxf6+ Bxf6 13. bxc3 Bxc3 14. Rb1
Qa5 15. Qxd5 Qxd5 16. Bxd5 Rad8 17. Bf3 Nd4 18. Rxb7 Nxf3+ 19. exf3 a5 20. Rfb1
Rfe8 21. Rb8 Bb4 22. Rxd8 Rxd8 23. Kf1 f5 24. Ke2 Kf7 25. Rc1 Rd5 26. Rc7+ Kf6
27. Bc1 Kg6 28. h3 h6 29. Be3 Kf6 30. g4 Bd6 31. Rd7 g5 32. Bd2 f4 33. a4 Ke6
34. Ra7 Rd4 35. Rh7 Bf8 36. Ra7 Rxa4 37. Rxa5 Rxa5 38. Bxa5 Bg7 39. Kd3 Kd5 40.
Bd8 Ke6 41. Ke4 Kd7 42. Ba5 Ke6 43. Bc7 Bf6 44. h4 Be7 45. Be5 Bf6 46. Bxf6 Kxf6
47. hxg5+ hxg5 48. Kd5 Kg7 49. Ke5 1-0

[Event "Marienbad Open"]
[Site "Marianske Lazne CZE"]
[Date "2011.01.17"]
[Round "3"]
[White "Cafolla, Peter"]
[Black "Bernloher, Ludwig"]
[Result "1/2-1/2"]
[WhiteElo "2060"]
[BlackElo "1865"]
[Plycount "198"]
[WhiteFideId "2500884"]
[BlackFideId "24682357"]
[EventDate "2011.01.15"]
[Source "TWIC 846"]

1. e4 c6 2. d4 d5 3. exd5 cxd5 4. Bd3 Nf6 5. c3 Nc6 6. Bf4 e6 7. Nf3 Bd6 8. Ne5
Qc7 9. Qe2 Nd7 10. Nxd7 Bxd7 11. Bxd6 Qxd6 12. O-O Ne7 13. Nd2 O-O 14. Qh5 Ng6
15. Nf3 Qf4 16. Ng5 h6 17. Nxf7 Rxf7 18. Bxg6 Rff8 19. Bd3 Be8 20. Qe2 Bd7 21.
Rae1 Rae8 22. Qe3 Qxe3 23. fxe3 Rxf1+ 24. Rxf1 e5 25. Bg6 Re7 26. h4 exd4 27.
exd4 Be8 28. Bd3 Re3 29. Rf3 Rxf3 30. gxf3 Kf7 31. Kf2 Kf6 32. c4 dxc4 33. Bxc4
Kg6 34. Kg3 Kf5 35. Bd3+ Ke6 36. Be4 b6 37. Kf4 Kf6 38. a3 Bd7 39. Bd5 a5 40.
Be4 g5+ 41. hxg5+ hxg5+ 42. Ke3 Ke6 43. Kd3 Bb5+ 44. Ke3 Bd7 45. Bg6 Bc6 46. Bh5
Kd5 47. Bf7+ Kd6 48. Bc4 Bb7 49. Bd3 Bc6 50. Kf2 Ke6 51. Kg3 Kf6 52. Be4 Bd7 53.
Bd5 Kf5 54. Bb3 Kf6 55. Bc2 Bc6 56. Bd3 Bd5 57. Bf1 Be6 58. Bh3 Bd5 59. Bc8 Bc6
60. Kg4 Ba8 61. f4 gxf4 62. Kxf4 Bd5 63. Bd7 Bg2 64. Ke3 Ke7 65. Bf5 Kd6 66. Be4
Bf1 67. Kd2 Bb5 68. Kc3 Ba6 69. Bd3 Bb7 70. Bb5 Bd5 71. b4 axb4+ 72. Kxb4 Bb7
73. Be2 Bc6 74. a4 Bd7 75. Bb5 Be6 76. Kc3 Bf5 77. Bc4 Bd7 78. Bb3 Bc6 79. Kd3
Bf3 80. Ke3 Bc6 81. Kf4 Bg2 82. Bc4 Bc6 83. Bb5 Bg2 84. Ke3 Bd5 85. Kd3 Bg2 86.
Kc3 Bf3 87. Kb4 Kd5 88. Kc3 Kd6 89. Bc4 Bc6 90. Kb4 Bd7 91. d5 Be8 92. Bb5 Bg6
93. Bc4 Be8 94. Bb5 Bg6 95. Bc6 Kc7 96. Kc4 Bh5 97. Kd4 Kd6 98. Bb5 Bf3 99. Bc4
Bd1 1/2-1/2

[Event "Marienbad Open"]
[Site "Marianske Lazne CZE"]
[Date "2011.01.17"]
[Round "3"]
[White "Fox, Anthony"]
[Black "Macura, Emil"]
[Result "1-0"]
[WhiteElo "2115"]
[BlackElo "1983"]
[Plycount "91"]
[WhiteFideId "2500736"]
[BlackFideId "321680"]
[EventDate "2011.01.15"]
[Source "TWIC 846"]

1. e4 e5 2. Nf3 d6 3. d4 Nf6 4. Nc3 Nbd7 5. Bc4 Be7 6. O-O O-O 7. Re1 c6 8. a4
h6 9. h3 Qc7 10. a5 Re8 11. Be3 Nf8 12. Qd2 Be6 13. d5 Bd7 14. Qe2 Rec8 15. Rec1
Ng6 16. Kh2 cxd5 17. Bxd5 Bc6 18. Nd2 Nxd5 19. exd5 Bd7 20. Nb5 Qb8 21. c4 a6
22. Nc3 Rf8 23. Na4 Qe8 24. Nb6 Rd8 25. b4 f5 26. Nxd7 Qxd7 27. f3 Bf6 28. Ra2
Qf7 29. Qd3 Bg5 30. Bxg5 hxg5 31. Re1 Nh4 32. b5 Rc8 33. bxa6 bxa6 34. Rb1 Qh5
35. Nf1 g4 36. fxg4 fxg4 37. Ng3 Qg5 38. Rf1 Rxf1 39. Qxf1 Rf8 40. Rf2 Rf4 41.
Ne2 Rxc4 42. Rf8+ Kh7 43. Qf7 Ng6 44. Qg8+ Kh6 45. Rf7 Nh4 46. Qh8+ 1-0

[Event "Marienbad Open"]
[Site "Marianske Lazne CZE"]
[Date "2011.01.18"]
[Round "4"]
[White "Varitski, Igor"]
[Black "Fox, Anthony"]
[Result "1/2-1/2"]
[WhiteTitle "IM"]
[WhiteElo "2277"]
[BlackElo "2115"]
[Plycount "101"]
[WhiteFideId "14102862"]
[BlackFideId "2500736"]
[EventDate "2011.01.15"]
[Source "TWIC 846"]

1. e4 e5 2. Nf3 Nc6 3. d4 exd4 4. c3 d5 5. exd5 Qxd5 6. cxd4 Bb4+ 7. Nc3 Bg4 8.
Be2 Bxf3 9. Bxf3 Qc4 10. Bxc6+ bxc6 11. Qe2+ Qxe2+ 12. Kxe2 O-O-O 13. Be3 Ne7
14. Rhd1 Rhe8 15. Rd3 Nf5 16. Rad1 c5 17. dxc5 Rxd3 18. Rxd3 Nxe3 19. Rxe3 Rxe3+
20. Kxe3 Bxc5+ 21. Ke2 Kd7 22. Ne4 Bd4 23. b3 f5 24. Ng5 h6 25. Nf3 Bb6 26. Nh4
Ke6 27. f4 g5 28. fxg5 hxg5 29. Nf3 g4 30. Nd2 f4 31. Ne4 Kf5 32. Nf2 g3 33.
hxg3 fxg3 34. Nd1 Ke4 35. Nc3+ Kd4 36. Nb5+ Kc5 37. Na3 Kb4 38. Nb1 c6 39. Kd3
a5 40. Kc2 Bc7 41. a3+ Kc5 42. Kd3 Kb5 43. Nc3+ Kc5 44. Ke3 Be5 45. Kd3 Bc7 46.
Ke4 Bb8 47. Ne2 Kb5 48. Nd4+ Kc5 49. Nf5 Kb5 50. Nd4+ Kc5 51. Ne6+ 1/2-1/2

[Event "Marienbad Open"]
[Site "Marianske Lazne CZE"]
[Date "2011.01.18"]
[Round "5"]
[White "Brokken, Dennis"]
[Black "Cafolla, Peter"]
[Result "0-1"]
[WhiteElo "2304"]
[BlackElo "2060"]
[Plycount "60"]
[WhiteFideId "1010069"]
[BlackFideId "2500884"]
[EventDate "2011.01.15"]
[Source "TWIC 846"]

1. d4 d5 2. c4 e6 3. cxd5 exd5 4. Nc3 c5 5. dxc5 d4 6. Ne4 Nc6 7. e3 Bf5 8. Nd6+
Bxd6 9. cxd6 Qxd6 10. Nf3 Qb4+ 11. Bd2 Qxb2 12. exd4 O-O-O 13. Rc1 Kb8 14. Bc4
Nf6 15. O-O Nd5 16. Re1 f6 17. Qb3 Qxb3 18. Bxb3 Bg4 19. Rc5 Bxf3 20. gxf3 Nce7
21. Kg2 b6 22. Rcc1 Ng6 23. Kg3 Nge7 24. Re4 h5 25. f4 Nf5+ 26. Kf3 Nc7 27. Be3
Rd7 28. Ba4 b5 29. Rxc7 Rxc7 30. Bxb5 Nd6 0-1

[Event "Marienbad Open"]
[Site "Marianske Lazne CZE"]
[Date "2011.01.18"]
[Round "5"]
[White "Fox, Anthony"]
[Black "Vacha, Jaroslav"]
[Result "1/2-1/2"]
[WhiteElo "2115"]
[BlackElo "1964"]
[Plycount "46"]
[WhiteFideId "2500736"]
[BlackFideId "346454"]
[EventDate "2011.01.15"]
[Source "TWIC 846"]

1. e4 d5 2. exd5 c6 3. dxc6 Nxc6 4. Nf3 e5 5. Bb5 Bg4 6. h3 Bxf3 7. Qxf3 Rc8 8.
Nc3 Bd6 9. d3 h6 10. O-O Ne7 11. Ne4 Bb8 12. c3 O-O 13. Bc4 Ng6 14. g3 Na5 15.
Rd1 Nxc4 16. dxc4 Qe7 17. Qf5 Rfd8 18. Be3 b6 19. Rd5 Rxc4 20. Rad1 Rxd5 21.
Rxd5 Rc6 22. Qd7 Qxd7 23. Rxd7 Bc7 1/2-1/2

[Event "Marienbad Open"]
[Site "Marianske Lazne CZE"]
[Date "2011.01.19"]
[Round "6"]
[White "Cafolla, Peter"]
[Black "Cizinsky, Petr"]
[Result "0-1"]
[WhiteElo "2060"]
[BlackElo "2167"]
[Plycount "72"]
[WhiteFideId "2500884"]
[BlackFideId "302686"]
[EventDate "2011.01.15"]
[Source "TWIC 846"]

1. e4 c5 2. Nc3 Nc6 3. g3 Nf6 4. Bg2 e5 5. d3 d6 6. Nh3 Be7 7. O-O a6 8. f4 Bg4
9. Qd2 O-O 10. Nf2 Bd7 11. f5 b5 12. g4 h6 13. Ne2 Qb6 14. Kh1 Rac8 15. Ng3 Rfd8
16. Nh5 Nxh5 17. gxh5 c4 18. f6 Bxf6 19. dxc4 Nd4 20. c3 Ne6 21. Qd3 bxc4 22.
Qg3 Bg5 23. Bxg5 Nxg5 24. h4 Ne6 25. Ng4 Kf8 26. Nxh6 gxh6 27. Rxf7+ Kxf7 28.
Qg6+ Ke7 29. Qh7+ Ke8 30. Qg8+ Nf8 31. Rf1 Be6 32. Qg7 Nh7 33. Qxh7 Rc7 34. Qxh6
Re7 35. Rf6 Kd7 36. Bh3 Bxh3 0-1

[Event "Marienbad Open"]
[Site "Marianske Lazne CZE"]
[Date "2011.01.21"]
[Round "8"]
[White "Schuettler, Thomas"]
[Black "Fox, Anthony"]
[Result "0-1"]
[WhiteElo "2003"]
[BlackElo "2115"]
[Plycount "84"]
[WhiteFideId "4693787"]
[BlackFideId "2500736"]
[EventDate "2011.01.15"]
[Source "TWIC 847"]

1. d4 d5 2. c4 e6 3. Nc3 Nf6 4. Nf3 Be7 5. Bg5 O-O 6. Qc2 h6 7. Bxf6 Bxf6 8.
O-O-O c6 9. e4 dxc4 10. Bxc4 Nd7 11. e5 Be7 12. Qe4 Re8 13. g4 Nf8 14. g5 Bxg5+
15. Nxg5 Qxg5+ 16. f4 Qh4 17. Rhg1 Bd7 18. Qf3 Ng6 19. Rg4 Qd8 20. f5 Nh4 21.
Rxg7+ Kxg7 22. f6+ Kh7 23. Bd3+ Nf5 24. Qh5 Rg8 25. Qxf7+ Kh8 26. Qh5 Rg5 27.
Qh3 Qf8 28. Ne4 Rg6 29. Nd6 Qg8 30. Rf1 Rf8 31. Rf4 Nxd6 32. Bxg6 Qxg6 33. Rg4
Qxg4 34. Qxg4 Nf5 35. b4 Be8 36. b5 Rg8 37. Qe4 Rg1+ 38. Kb2 Rd1 39. f7 Bxf7 40.
bxc6 bxc6 41. Qxc6 Rd2+ 42. Kc3 Rc2+ 0-1

[Event "TCh-CAT Div Hon"]
[Site "Barcelona ESP"]
[Date "2011.01.29"]
[Round "1"]
[White "Ryan, Joe"]
[Black "Aloma Vidal, Robert"]
[Result "1/2-1/2"]
[WhiteTitle "FM"]
[BlackTitle "IM"]
[WhiteElo "2280"]
[BlackElo "2434"]
[Plycount "36"]
[WhiteTeam "FOM"]
[BlackTeam "EEB"]
[WhiteFideId "2500426"]
[BlackFideId "2260409"]
[EventDate "2011.01.29"]
[Source "TWIC 851"]

1. e4 c5 2. Nc3 a6 3. g3 b5 4. Bg2 Bb7 5. Nge2 e6 6. d4 cxd4 7. Nxd4 Nf6 8. O-O
b4 9. Na4 Bxe4 10. Bxe4 Nxe4 11. Re1 Nc5 12. c4 bxc3 13. Nxc3 Be7 14. Qf3 d5 15.
b4 Ne4 16. Nxe4 dxe4 17. Qxe4 Ra7 18. Be3 Rd7 1/2-1/2

[Event "TCh-CAT Div Hon"]
[Site "Barcelona ESP"]
[Date "2011.02.12"]
[Round "3"]
[White "Ryan, Joe"]
[Black "Minguez Rodriguez, Raul"]
[Result "0-1"]
[WhiteTitle "FM"]
[WhiteElo "2280"]
[BlackElo "2223"]
[Plycount "54"]
[WhiteTeam "FOM"]
[BlackTeam "COL"]
[WhiteFideId "2500426"]
[BlackFideId "2214296"]
[EventDate "2011.01.29"]
[Source "TWIC 851"]

1. e4 e5 2. Nf3 Nc6 3. Bc4 Bc5 4. c3 Nf6 5. d3 d6 6. O-O Bb6 7. Bb3 h6 8. Nbd2
Be6 9. Nc4 O-O 10. Nxb6 axb6 11. h3 Ne7 12. Re1 Ng6 13. Bc2 Nh7 14. a3 Ng5 15.
d4 Qf6 16. Nxg5 hxg5 17. Re3 Nf4 18. d5 Bd7 19. c4 g6 20. b4 Kg7 21. Rg3 Rh8 22.
Be3 Rh4 23. Rf3 Rah8 24. Bxf4 gxf4 25. Rc3 g5 26. Bd3 Bxh3 27. g3 Bg4 0-1

[Event "27th Open"]
[Site "Cappelle la Grande FRA"]
[Date "2011.03.02"]
[Round "6.68"]
[White "Hegarty, Sarah N."]
[Black "Bernard, Christophe"]
[Result "0-1"]
[WhiteTitle "WFM"]
[BlackTitle "IM"]
[WhiteElo "2096"]
[BlackElo "2348"]
[Plycount "82"]
[WhiteFideId "2501465"]
[BlackFideId "600385"]
[EventDate "2011.02.26"]
[Source "TWIC 852"]

1. e4 c5 2. Nf3 d6 3. d4 cxd4 4. Nxd4 Nf6 5. Nc3 Nc6 6. Bc4 Qb6 7. Nxc6 bxc6 8.
O-O g6 9. Qe1 Qc5 10. b3 Bg7 11. Be3 Qa5 12. Rd1 Ng4 13. Bd2 Qc7 14. Bf4 g5 15.
Bg3 h5 16. f3 h4 17. fxg4 hxg3 18. Bxf7+ Kd8 19. Qxg3 Qa5 20. b4 Qxb4 21. Rf3
Qc5+ 22. Qf2 Qxf2+ 23. Kxf2 Bxg4 24. Rg3 Bxd1 25. Nxd1 Rf8 26. Rf3 Kd7 27. Bb3
Bd4+ 28. Ke2 Rxf3 29. Kxf3 a5 30. Ne3 a4 31. Bc4 Rf8+ 32. Ke2 Bxe3 33. Kxe3 e6
34. h3 d5 35. exd5 exd5 36. Bd3 Kd6 37. c4 Ke5 38. cxd5 cxd5 39. a3 Rc8 40. Kd2
Kd4 41. Bb5 Rc3 0-1

[Event "TCh-CAT Div Hon"]
[Site "Barcelona ESP"]
[Date "2011.02.19"]
[Round "4.5"]
[White "Ryan, Joe"]
[Black "Mellado Trivino, Juan"]
[Result "1/2-1/2"]
[WhiteTitle "FM"]
[BlackTitle "IM"]
[WhiteElo "2280"]
[BlackElo "2422"]
[Plycount "90"]
[WhiteTeam "FOM"]
[BlackTeam "CCS"]
[WhiteFideId "2500426"]
[BlackFideId "2201224"]
[EventDate "2011.01.29"]
[Source "TWIC 852"]

1. e4 e6 2. d4 d5 3. Nc3 Nf6 4. e5 Nfd7 5. f4 c5 6. Nf3 Nc6 7. Be3 Rb8 8. Qd2
Qa5 9. dxc5 Bxc5 10. Bxc5 Nxc5 11. Nb5 Qxd2+ 12. Kxd2 Ke7 13. Nbd4 Bd7 14. Bd3
Nxd4 15. Nxd4 Rbc8 16. Rae1 h5 17. Rhf1 g6 18. g3 b5 19. a3 a5 20. b4 Nxd3 21.
Kxd3 Rc4 22. c3 Ra8 23. Ra1 Rac8 24. Rfc1 h4 25. Nb3 g5 26. Nd4 hxg3 27. hxg3 f6
28. exf6+ Kxf6 29. Ra2 gxf4 30. gxf4 Be8 31. Re2 Bg6+ 32. Kd2 axb4 33. axb4 Bf5
34. Rf2 Ra8 35. Ke3 Ra3 36. Nxb5 d4+ 37. Nxd4 Rcxc3+ 38. Rxc3 Rxc3+ 39. Ke2 Rc4
40. Nxf5 Kxf5 41. Kf3 Rxb4 42. Kg3 Rb3+ 43. Rf3 Rxf3+ 44. Kxf3 e5 45. fxe5 Kxe5 1/2-1/2